000 00484nam a2200181Ia 4500
008 100917s9999 xx 000 0 und d
082 _b49364
100 _aजोगळेकर योगिनी
245 _aशर्यत
260 _bमनोरमा प्रकाशन
_c1981
300 _a188
365 _b20
520 _aकादंबरी
630 _aशर्यत
650 _aकादंबरी
730 _aशर्यत
942 _cBOOK
999 _c654758
_d654755